000 00678nam a2200241 i 4500
001 C2-0135391
003 PPAK
005 20180727124009.0
008 971209s1992 nyua|||| ||||| | eng d
020 _a0895774178
040 _aPPAK
_beng
_cPPAK
_erda
082 0 4 _a823
_223
090 0 0 _a823
_bPEP
_dK
100 1 _aPepin, Muriel,
_eauthor
245 1 0 _aLittle bear's new friend
264 1 _aNew York :
_bThe Reader's Digest Associations ,
_c1992
300 _a[21 pages] :
_bcolour illustrations ;
_c25 cm
336 _2rdacontent
_atext
337 _2rdamedia
_aunmediated
338 _2rdacarrier
_avolume
650 1 0 _aChildren's stories, English
942 _ddc
_cB
999 _c42662
_d42662